[Event "ICS rated blitz match"]
[Site "207.99.83.227"]
[Date "1999.05.01"]
[Round "?"]
[White "haraldl"]
[Black "Hossa"]
[Result "1-0"]
[WhiteElo "2183"]
[BlackElo "2530"]
[PlyCount "107"]

1. e4 e6 2. d4 d5 3. Nd2 dxe4 4. Nxe4 Qd5 5. Bd3 f5 6. c4 Qc6 7. d5 exd5 8. Ng5
dxc4 9. Be2 Bb4+ 10. Bd2 Qxg2 11. Bf3 Qxg5 12. Bxb4 Ne7 13. Nh3 Qh4 14. Qe2 Na6
15. Bxe7 Qxe7 16. O-O-O Qxe2 17. Bxe2 b5 18. a4 Nc5 19. axb5 O-O 20. Bxc4+ Be6
21. Bxe6+ Nxe6 22. Rhe1 Rf6 23. Rd7 f4 24. Re7 Rh6 25. R1xe6 Rxh3 26. Rxc7 Rxh2
27. Ree7 g6 28. Rg7+ Kh8 29. Rxa7 Rxa7 30. Rxa7 Rh1+ 31. Kc2 Rh2 32. b6 Rh5 33.
b7 Rc5+ 34. Kb1 Rb5 35. Ra8+ Kg7 36. b8=Q Rxb8 37. Rxb8 h5 38. Kc2 h4 39. Ra8
g5 40. f3 Kh7 41. Ra1 Kg6 42. b4 Kf5 43. b5 Ke6 44. Rd1 g4 45. b6 gxf3 46. b7
Kf5 47. b8=Q f2 48. Rf1 Ke6 49. Rxf2 f3 50. Rxf3 Ke7 51. Qb6 h3 52. Ra3 h2 53.
Ra7+ Ke8 54. Qb8# {Hossa checkmated} 1-0

[Event "ICS rated blitz match"]
[Site "207.99.83.227"]
[Date "1999.05.01"]
[Round "?"]
[White "haraldl"]
[Black "Hossa"]
[Result "1/2-1/2"]
[WhiteElo "2206"]
[BlackElo "2507"]
[PlyCount "99"]

1. e4 d6 2. d4 Nf6 3. Nc3 g6 4. f3 Bg7 5. Be3 Nc6 6. Qd2 e5 7. Nge2 O-O 8.
O-O-O exd4 9. Nxd4 Re8 10. Kb1 a5 11. h4 Rb8 12. g4 Be6 13. h5 gxh5 14. g5 Nd7
15. Rxh5 Nxd4 16. Bxd4 Bxd4 17. Qxd4 Ne5 18. Be2 b5 19. Rdh1 b4 20. Nd5 Bxd5
21. Qxd5 c6 22. Qd2 f6 23. Rxh7 fxg5 24. Bd1 d5 25. Qh2 Qf6 26. Ra7 Nf7 27.
Qh7+ Kf8 28. exd5 cxd5 29. f4 Re7 30. Rxe7 Kxe7 31. fxg5 Qxg5 32. Qd3 Rd8 33.
Qa6 d4 34. Re1+ Kf8 35. Qe2 Kg7 36. Qe7 Qxe7 37. Rxe7 Kf6 38. Ra7 Rd5 39. c3
Ne5 40. Bb3 Rd6 41. cxd4 Rxd4 42. Rxa5 Rd2 43. Rb5 Nd3 44. Rb6+ Ke7 45. Rb7+
Kd6 46. Bc4 Rxb2+ 47. Ka1 Nc5 48. Kxb2 Nxb7 49. a3 bxa3+ 50. Kxa3 {
Game drawn because neither player has mating material} 1/2-1/2

[Event "ICS rated blitz match"]
[Site "207.99.83.227"]
[Date "1999.05.01"]
[Round "?"]
[White "Hossa"]
[Black "haraldl"]
[Result "1-0"]
[WhiteElo "2496"]
[BlackElo "2199"]
[PlyCount "53"]

1. b3 d5 2. Nf3 Nc6 3. d4 a6 4. e3 Bg4 5. Bb2 Qd6 6. Bd3 Bxf3 7. Qxf3 e5 8. Bf5
Nh6 9. dxe5 Nxe5 10. Qh5 Nxf5 11. Qxf5 Nc6 12. O-O Qd7 13. Qxd7+ Kxd7 14. Nc3
Ne7 15. e4 dxe4 16. Rad1+ Kc6 17. Nxe4 f6 18. Rfe1 Nf5 19. a3 Nd6 20. Nc3 Re8
21. Rxe8 Nxe8 22. Nd5 Nd6 23. Nb4+ Kd7 24. a4 Be7 25. c4 Ke6 26. Nd5 c6 27.
Re1+ {haraldl resigns} 1-0

[Event "ICS rated blitz match"]
[Site "207.99.83.227"]
[Date "1999.05.01"]
[Round "?"]
[White "Hossa"]
[Black "rookeater"]
[Result "1-0"]
[WhiteElo "2501"]
[BlackElo "2277"]
[PlyCount "29"]

1. b3 e5 2. Bb2 Nc6 3. e3 f5 4. d4 e4 5. d5 Nce7 6. Qh5+ Ng6 7. Qxf5 Qe7 8. Nd2
d6 9. Bb5+ Kd8 10. Qxe4 Qxe4 11. Nxe4 a6 12. Bd3 Nh6 13. Ng5 Rg8 14. Nxh7 Be7
15. Bxg6 {rookeater resigns} 1-0

[Event "ICS rated blitz match"]
[Site "207.99.83.227"]
[Date "1999.05.01"]
[Round "?"]
[White "Hossa"]
[Black "inmortal"]
[Result "1-0"]
[WhiteElo "2508"]
[BlackElo "2486"]
[PlyCount "29"]

1. b3 e5 2. Bb2 Nc6 3. e3 Nf6 4. Bb5 d6 5. Ne2 Bd7 6. d4 a6 7. Bxc6 Bxc6 8. O-O
exd4 9. Nxd4 Bd7 10. Nc3 Be7 11. Qd3 O-O 12. Nf5 Bxf5 13. Qxf5 Qd7 14. Nd5 Nxd5
15. Qxd7 {inmortal resigns} 1-0

[Event "ICS rated blitz match"]
[Site "207.99.83.227"]
[Date "1999.05.01"]
[Round "?"]
[White "inmortal"]
[Black "Hossa"]
[Result "0-1"]
[WhiteElo "2471"]
[BlackElo "2523"]
[PlyCount "96"]

1. e4 d6 2. d4 Nf6 3. Nc3 g6 4. Be3 Bg7 5. Be2 O-O 6. Qd2 e5 7. dxe5 dxe5 8.
Qxd8 Rxd8 9. h3 Nc6 10. Nf3 Be6 11. O-O Nd4 12. Bd1 Bc4 13. Re1 Nc6 14. b3 Ba6
15. a4 Rac8 16. Bg5 Rd7 17. Bxf6 Bxf6 18. Nd5 Bg7 19. Be2 Bxe2 20. Rxe2 Nb8 21.
Rd2 c6 22. Ne3 Rxd2 23. Nxd2 Bh6 24. Ndc4 Bxe3 25. Nxe3 Rd8 26. Rd1 Rxd1+ 27.
Nxd1 Na6 28. Ne3 h5 29. h4 Nc5 30. f3 Ne6 31. Kf2 Nd4 32. Ke1 a5 33. Kd2 b5 34.
Kc3 f5 35. exf5 gxf5 36. Kb2 f4 37. Nd1 bxa4 38. bxa4 Nf5 39. Nf2 Kg7 40. Nd3
Kf6 41. Kc3 Nxh4 42. Ne1 Ke6 43. Kc4 Kd6 44. Kd3 Nf5 45. Ke4 Ne3 46. c3 h4 47.
Kd3 Nxg2 48. Nxg2 48... h3 {inmortal resigns} 0-1

[Event "ICS rated blitz match"]
[Site "207.99.83.227"]
[Date "1999.05.01"]
[Round "?"]
[White "Secret"]
[Black "Hossa"]
[Result "1-0"]
[WhiteElo "2833"]
[BlackElo "2537"]
[PlyCount "94"]

1. d4 d5 2. c4 dxc4 3. Nf3 Nf6 4. e3 e6 5. Bxc4 a6 6. O-O Bd6 7. Nc3 Nbd7 8. e4
b5 9. Bd3 b4 10. Ne2 Bb7 11. e5 Bxf3 12. gxf3 Bxe5 13. dxe5 Nxe5 14. Be4 Nxe4
15. fxe4 O-O 16. Qxd8 Raxd8 17. Bf4 Nf3+ 18. Kg2 Nd2 19. Bxc7 Ra8 20. Rfd1 Nxe4
21. Rd4 Nf6 22. Rxb4 Ra7 23. Rc4 Nd5 24. Rac1 a5 25. Bd6 Rd8 26. Rc8 Rad7 27.
Ba3 h5 28. R1c5 a4 29. Rxd8+ Rxd8 30. Ra5 Nb6 31. Nc3 Rd4 32. Ra6 Nd5 33. Rxa4
Rd3 34. Nxd5 exd5 35. Bd6 Kh7 36. Ra7 Kg6 37. b4 d4 38. b5 h4 39. b6 h3+ 40.
Kf1 Rd2 41. b7 d3 42. f4 Rd1+ 43. Kf2 Rb1 44. b8=Q Rxb8 45. Bxb8 Kf6 46. a4 d2
47. Rd7 47... Kf5 {Hossa resigns} 1-0

[Event "ICS rated blitz match"]
[Site "207.99.83.227"]
[Date "1999.05.01"]
[Round "?"]
[White "Hossa"]
[Black "Secret"]
[Result "0-1"]
[WhiteElo "2532"]
[BlackElo "2838"]
[PlyCount "63"]

1. b3 e5 2. Bb2 Nc6 3. e3 Nf6 4. Bb5 Bd6 5. d3 a6 6. Bxc6 dxc6 7. Nf3 e4 8.
dxe4 Nxe4 9. Bxg7 Bb4+ 10. Ke2 Rg8 11. Qxd8+ Kxd8 12. Rd1+ Bd6 13. Nbd2 Nxd2
14. Bf6+ Ke8 15. Rxd2 Rxg2 16. c4 Bg4 17. Rd4 Kf8 18. Rh1 Re8 19. h3 Bh5 20.
Rdd1 Re6 21. Bh4 Re5 22. Bg3 Rf5 23. Bf4 Bxf4 24. exf4 Rxf4 25. Rd8+ Ke7 26.
Rd3 Rg6 27. Re3+ Re6 28. Kd2 Rxe3 29. fxe3 Rxf3 30. a4 Rg3 31. h4 Bf3 32. Rh2 {
Hossa resigns} 0-1

[Event "ICS rated blitz match"]
[Site "207.99.83.227"]
[Date "1999.05.01"]
[Round "?"]
[White "Secret"]
[Black "Hossa"]
[Result "1-0"]
[WhiteElo "2843"]
[BlackElo "2527"]
[PlyCount "112"]

1. e4 e5 2. Nf3 Nf6 3. Nxe5 d6 4. Nf3 Nxe4 5. d4 Be7 6. Bd3 Nf6 7. O-O O-O 8.
Bg5 Nc6 9. Re1 Bg4 10. Nc3 Qd7 11. d5 Nb4 12. Bb5 c6 13. dxc6 bxc6 14. Be2 Rae8
15. a3 Nbd5 16. Nxd5 Nxd5 17. Ne5 dxe5 18. Bxg4 f5 19. Bxe7 Qxe7 20. Bh5 Rb8
21. b4 e4 22. Qd4 Rfd8 23. Qc4 Rd6 24. Rad1 Rh6 25. Be2 Qh4 26. h3 Rg6 27. Rxd5
cxd5 28. Qxd5+ Kh8 29. Qxf5 Rf6 30. Qc5 Rbf8 31. Rf1 R6f7 32. c4 Qf4 33. Qd4
Rc7 34. c5 Rc6 35. g3 Qf5 36. Bg4 Qg6 37. Bd7 Rcf6 38. c6 Rf3 39. c7 Rxg3+ 40.
Kh2 Rc3 41. Qxc3 Qd6+ 42. Kg2 Qxd7 43. Qc5 Rc8 44. Rc1 a6 45. Qe5 Rf8 46. Qxe4
Qc8 47. Rc6 Qb7 48. Qc4 a5 49. b5 Rc8 50. b6 Re8 51. Qe6 Rc8 52. Qxc8+ Qxc8 53.
b7 Qg8 54. c8=Q h6 55. b8=Q Qxc8 56. Rxc8+ 56... Kh7 {Hossa resigns} 1-0

[Event "ICS rated blitz match"]
[Site "207.99.83.227"]
[Date "1999.05.01"]
[Round "?"]
[White "Hossa"]
[Black "Secret"]
[Result "0-1"]
[WhiteElo "2523"]
[BlackElo "2847"]
[PlyCount "91"]

1. e4 e5 2. Nf3 Nc6 3. Bc4 Bc5 4. d3 Nf6 5. O-O d6 6. Be3 Bb6 7. Nbd2 Bxe3 8.
fxe3 O-O 9. d4 exd4 10. exd4 Bg4 11. c3 Re8 12. Qb3 Qd7 13. Ng5 Nd8 14. Rae1 h6
15. Ngf3 Bxf3 16. Rxf3 c6 17. Ref1 b5 18. Bd3 a6 19. Qd1 Qe6 20. Rg3 Kf8 21. a3
Ra7 22. Qf3 Rae7 23. b3 c5 24. a4 bxa4 25. bxa4 Qa2 26. Qf2 cxd4 27. cxd4 Qxa4
28. Rc1 Ne6 29. e5 dxe5 30. dxe5 Ng4 31. Qb6 Nxe5 32. Bxa6 Nd7 33. Qd6 Ndc5 34.
Rxc5 Nxc5 35. Qxc5 Qxa6 36. Rb3 Kg8 37. Nf1 Re1 38. Qf2 Qc4 39. Rb7 Ra1 40. Qf5
Qd4+ 41. Kh1 Qd5 42. Rb5 Rxf1+ 43. Qxf1 Qxb5 44. Kg1 Qb4 45. Qf5 Qd4+ 46. Kf1 {
Hossa resigns} 0-1

[Event "ICS rated blitz match"]
[Site "207.99.83.227"]
[Date "1999.05.01"]
[Round "?"]
[White "haraldl"]
[Black "Hossa"]
[Result "0-1"]
[WhiteElo "2161"]
[BlackElo "2519"]
[PlyCount "82"]

1. e4 e5 2. Nf3 Nc6 3. Nc3 Nf6 4. Bb5 Bb4 5. O-O O-O 6. Bxc6 dxc6 7. d3 Qd6 8.
Ne2 Bg4 9. Ng3 Qe7 10. h3 Bd7 11. Qe2 a5 12. a3 Bd6 13. Nh4 Rac8 14. Nhf5 Qe6
15. Nxd6 cxd6 16. Bg5 d5 17. Bxf6 Qxf6 18. c3 dxe4 19. dxe4 Qf4 20. Rfd1 Rcd8
21. Qd2 a4 22. Qxf4 exf4 23. Nf5 Bxf5 24. exf5 h5 25. Kf1 f3 26. g4 h4 27. Rac1
b5 28. Rd4 Rfe8 29. Rxd8 Rxd8 30. Ke1 g6 31. fxg6 fxg6 32. c4 Re8+ 33. Kf1 Re2
34. cxb5 cxb5 35. Rc8+ Kg7 36. Rc7+ Kh6 37. Rc5 Rxb2 38. Ke1 Re2+ 39. Kf1 Ra2
40. Rxb5 Ra1+ 41. Rb1 41... Rxb1# {haraldl checkmated} 0-1

[Event "ICS rated blitz match"]
[Site "207.99.83.227"]
[Date "1999.05.01"]
[Round "?"]
[White "Hossa"]
[Black "MrGambit456"]
[Result "0-1"]
[WhiteElo "2523"]
[BlackElo "2421"]
[PlyCount "115"]

1. Nf3 d5 2. c4 c6 3. cxd5 cxd5 4. e3 Nf6 5. Nc3 e6 6. Be2 Bd6 7. O-O O-O 8.
Nb5 Be7 9. d4 Nc6 10. Bd2 Bd7 11. Rc1 Ne4 12. Be1 Qb6 13. Nd2 Nb4 14. Nc7 Rac8
15. Nxe4 dxe4 16. Bxb4 Qxb4 17. d5 Qxb2 18. d6 Bd8 19. a4 Qe5 20. Rc4 Bxc7 21.
Rxc7 Bc6 22. Re7 Rcd8 23. d7 Qc5 24. Re8 Rxd7 25. Rxf8+ Kxf8 26. Qa1 Rd2 27.
Bg4 Qd5 28. Rd1 Qa2 29. Qc3 Rxf2 30. Qc5+ Ke8 31. Bh3 Rf6 32. Kh1 Qe2 33. Rg1
Rf1 34. g3 Rf2 35. Bg2 a6 36. Qd4 Qb2 37. Qc5 Qd2 38. Qa7 a5 39. g4 Ke7 40.
Qc5+ Ke8 41. Qa7 Kd7 42. Qb6 Re2 43. Qc5 Re1 44. Qd4+ Qxd4 45. exd4 Rxg1+ 46.
Kxg1 e3 47. h4 Bxg2 48. Kxg2 b5 49. axb5 a4 50. b6 a3 51. d5 exd5 52. Kf3 d4
53. h5 a2 54. b7 Kc7 55. Ke2 a1=Q 56. h6 Qa6+ 57. Kf3 Qxb7+ 58. Kf4 {
Hossa resigns} 0-1

[Event "ICS rated blitz match"]
[Site "207.99.83.227"]
[Date "1999.05.01"]
[Round "?"]
[White "Hossa"]
[Black "sega"]
[Result "1-0"]
[WhiteElo "2515"]
[BlackElo "2151"]
[PlyCount "63"]

1. Nf3 e6 2. g3 d5 3. Bh3 Nf6 4. O-O Be7 5. d4 O-O 6. Bg5 c5 7. dxc5 Nbd7 8. b4
a5 9. c3 Qc7 10. Qd4 axb4 11. cxb4 Ra4 12. Qb2 b6 13. Nc3 Ra8 14. Nb5 Qb7 15.
cxb6 Qxb6 16. a4 Rxa4 17. Rxa4 Qxb5 18. Rfa1 Bb7 19. Nd4 Qb6 20. Be3 Qd8 21.
Ra7 Qb8 22. Bg2 e5 23. Nf5 Bd8 24. Bc5 Re8 25. Nd6 Bc6 26. Nxe8 Nxe8 27. Bxd5
Bxd5 28. Rxd7 Bc6 29. Rdd1 Nf6 30. Bd6 Qb5 31. Bxe5 Bb7 32. Rxd8+ {sega resigns
} 1-0

[Event "ICS rated blitz match"]
[Site "207.99.83.227"]
[Date "1999.05.01"]
[Round "?"]
[White "matar"]
[Black "Hossa"]
[Result "0-1"]
[WhiteElo "2273"]
[BlackElo "2525"]
[PlyCount "58"]

1. e4 e5 2. Nf3 Nc6 3. Bb5 a6 4. Ba4 Nf6 5. Bxc6 dxc6 6. d3 Bb4+ 7. Nbd2 Qe7 8.
O-O O-O 9. a3 Bd6 10. Kh1 Be6 11. Rg1 Ng4 12. Qe2 Rad8 13. Nf1 Kh8 14. h3 Nf6
15. g4 Rg8 16. Ng3 Nxg4 17. hxg4 Bxg4 18. Kg2 Qf6 19. Rh1 Rgf8 20. Be3 Kg8 21.
Rag1 Rd7 22. Nf5 Bxf5 23. exf5 Qxf5 24. Kf1 Be7 25. Ng5 h6 26. Ne4 Kh7 27. Rh5
Qe6 28. Rgh1 f5 29. Ng3 29... f4 {matar resigns} 0-1

[Event "ICS rated blitz match"]
[Site "207.99.83.227"]
[Date "1999.05.01"]
[Round "?"]
[White "Hossa"]
[Black "matar"]
[Result "1-0"]
[WhiteElo "2531"]
[BlackElo "2267"]
[PlyCount "65"]

1. e4 c5 2. Nf3 e6 3. d4 cxd4 4. Nxd4 a6 5. Bd3 Nf6 6. O-O Qc7 7. Nc3 Nc6 8.
Be3 Ne5 9. Be2 Bc5 10. f4 Nc6 11. e5 Ng8 12. Ne4 Bxd4 13. Bxd4 Nxd4 14. Nd6+
Kf8 15. Qxd4 Nh6 16. Bd3 g6 17. Nc4 Nf5 18. Qb6 Qxb6+ 19. Nxb6 Rb8 20. Rfe1 d5
21. exd6 Nxd6 22. Rad1 Ke7 23. Rd2 Rd8 24. Red1 Ne8 25. c3 Bd7 26. Bxa6 Bc6 27.
Bd3 Nc7 28. Bc4 Nd5 29. Nxd5+ Bxd5 30. Bxd5 exd5 31. Rxd5 Rxd5 32. Rxd5 Ra8 33.
Rb5 {matar resigns} 1-0

[Event "ICS rated blitz match"]
[Site "207.99.83.227"]
[Date "1999.05.01"]
[Round "?"]
[White "matar"]
[Black "Hossa"]
[Result "1-0"]
[WhiteElo "2261"]
[BlackElo "2537"]
[PlyCount "137"]

1. e4 e5 2. Nf3 Nc6 3. Bb5 a6 4. Ba4 Nf6 5. Bxc6 dxc6 6. d3 Bb4+ 7. Nbd2 Qe7 8.
O-O O-O 9. a3 Bd6 10. Kh1 Be6 11. Rg1 Ng4 12. Qe2 Rad8 13. Nf1 Kh8 14. h3 Nf6
15. g4 Rg8 16. Ng3 Nxg4 17. hxg4 Bxg4 18. Kg2 Qf6 19. Rh1 Rgf8 20. Be3 Kg8 21.
Rag1 Rd7 22. Nf5 Bxf5 23. exf5 Qxf5 24. Ng5 h6 25. Ne4 Qe6 26. Kf1 f6 27. Qh5
f5 28. Nxd6 cxd6 29. Bxh6 Qe8 30. Bxg7 Qxh5 31. Bxf8+ Qg4 32. Rxg4+ fxg4 33.
Bh6 Rh7 34. Kg2 Kf7 35. Bg5 Rg7 36. Bh6 Rh7 37. Be3 Rxh1 38. Kxh1 c5 39. Kg2
Kf6 40. Kg3 Kf5 41. c4 b5 42. b3 e4 43. dxe4+ Kxe4 44. cxb5 axb5 45. a4 c4 46.
axb5 cxb3 47. Bc1 Kd5 48. Kxg4 Kc5 49. f4 Kxb5 50. f5 Kc6 51. f6 Kd7 52. Kf5 d5
53. Kg6 Kc6 54. f7 Kb5 55. f8=Q Kc4 56. Qf4+ Kd3 57. Kf5 d4 58. Qd2+ Kc4 59.
Ke4 Kb5 60. Qd3+ Kc6 61. Ba3 Kc7 62. Qxd4 Kb8 63. Qb4+ Kc7 64. Qxb3 Kc8 65. Qf7
Kb8 66. Bd6+ Ka8 67. Bc5 Kb8 68. Bb6 Kc8 69. Qc7# {Hossa checkmated} 1-0

[Event "ICS rated blitz match"]
[Site "207.99.83.227"]
[Date "1999.05.01"]
[Round "?"]
[White "matar"]
[Black "Hossa"]
[Result "0-1"]
[WhiteElo "2281"]
[BlackElo "2517"]
[PlyCount "62"]

1. e4 e5 2. Nf3 Nf6 3. Nc3 Bb4 4. Bc4 d6 5. d3 Be6 6. Bb3 O-O 7. h3 c5 8. Bg5
Bxc3+ 9. bxc3 c4 10. Bxc4 Bxc4 11. dxc4 Nbd7 12. O-O Nc5 13. Re1 Qe7 14. Nh4
Qe6 15. Bxf6 Qxf6 16. Qg4 Rac8 17. Rad1 Rc6 18. Nf5 Ra6 19. Rd5 Rxa2 20. Rxd6
Ne6 21. Red1 Kh8 22. Rd7 b6 23. R1d6 Ra1+ 24. Kh2 g6 25. Qh4 Qxh4 26. Nxh4 Nc5
27. Re7 Nxe4 28. Rd3 Nxf2 29. Rf3 Rh1+ 30. Kg3 Ne4+ 31. Kg4 31... h5# {
matar checkmated} 0-1

[Event "ICS rated blitz match"]
[Site "207.99.83.227"]
[Date "1999.05.01"]
[Round "?"]
[White "Hossa"]
[Black "matar"]
[Result "1-0"]
[WhiteElo "2524"]
[BlackElo "2274"]
[PlyCount "61"]

1. e4 c5 2. Nf3 e6 3. d4 cxd4 4. Nxd4 a6 5. Bd3 Nc6 6. Nxc6 dxc6 7. O-O e5 8.
f4 Nf6 9. fxe5 Bc5+ 10. Kh1 Ng4 11. Qf3 Be6 12. Bf4 Qd4 13. Bg3 h5 14. c3 Qd7
15. Be2 h4 16. Bf4 O-O-O 17. b4 Ba7 18. h3 g5 19. Bxg5 Nxe5 20. Qf4 Bb8 21.
Bxd8 Qxd8 22. a4 Ng6 23. Qe3 Qd6 24. Qg1 Nf4 25. Bf3 Rg8 26. Qc5 Qc7 27. Qa5
Qd6 28. e5 Qd3 29. Rd1 Qc2 30. b5 Rxg2 31. Rd8# {matar checkmated} 1-0

[Event "ICS rated blitz match"]
[Site "207.99.83.227"]
[Date "1999.05.01"]
[Round "?"]
[White "matar"]
[Black "Hossa"]
[Result "0-1"]
[WhiteElo "2268"]
[BlackElo "2530"]
[PlyCount "54"]

1. e4 d6 2. d4 Nf6 3. Nc3 g6 4. Be3 Bg7 5. Qd2 Ng4 6. Bg5 O-O 7. f3 h6 8. Bh4
Nf6 9. O-O-O Nc6 10. Nge2 e6 11. g4 Nxe4 12. Bxd8 Nxd2 13. Bxc7 Nxf3 14. Bxd6
Rd8 15. Bf4 Nfxd4 16. Nxd4 Rxd4 17. Rxd4 Nxd4 18. Bg2 e5 19. Bg3 Bxg4 20. Bxb7
Re8 21. Re1 f5 22. Bd5+ Kh7 23. h4 Bf6 24. Bc4 Rc8 25. Bd3 Nf3 26. Rf1 Bxh4 27.
Rxf3 27... Bg5+ {matar resigns} 0-1

[Event "ICS rated blitz match"]
[Site "207.99.83.227"]
[Date "1999.05.01"]
[Round "?"]
[White "Hossa"]
[Black "matar"]
[Result "0-1"]
[WhiteElo "2536"]
[BlackElo "2262"]
[PlyCount "87"]

1. e4 c5 2. Nf3 e6 3. d4 cxd4 4. Nxd4 a6 5. Bd3 Nc6 6. Nxc6 dxc6 7. O-O e5 8.
f4 Nf6 9. fxe5 Bc5+ 10. Kh1 Ng4 11. Qf3 Be6 12. Bf4 Qd4 13. Bg3 O-O-O 14. Nc3
h5 15. Rfd1 h4 16. Ne2 hxg3 17. Nxd4 Rxh2+ 18. Kg1 Bxd4+ 19. Kf1 Ne3+ 20. Ke2
Bg4 21. Rg1 Bxf3+ 22. Kxf3 Nxc2 23. Bxc2 Bxg1 24. Rxg1 Rd2 25. Bb3 Kd7 26. Bxf7
Ke7 27. Kxg3 Rh8 28. Bb3 Rxb2 29. Rf1 Rf8 30. Rxf8 Kxf8 31. Kf3 Ke7 32. g4 b5
33. Ke3 c5 34. Bd5 c4 35. Kd4 Rxa2 36. Bb7 Ra3 37. Bd5 Rd3+ 38. Kc5 c3 39. Bb3
c2 40. Bxc2 Rc3+ 41. Kb4 Rxc2 42. Ka5 Ra2+ 43. Kb4 Ke6 44. g5 {Hossa resigns}
0-1

[Event "ICS rated blitz match"]
[Site "207.99.83.227"]
[Date "1999.05.01"]
[Round "?"]
[White "matar"]
[Black "Hossa"]
[Result "1-0"]
[WhiteElo "2289"]
[BlackElo "2509"]
[PlyCount "71"]

1. e4 c5 2. Nf3 e6 3. d4 cxd4 4. Nxd4 a6 5. Nc3 Bb4 6. Bd3 Bxc3+ 7. bxc3 Ne7 8.
O-O d6 9. Qh5 e5 10. Nf5 Nxf5 11. exf5 Nd7 12. Ba3 O-O 13. g4 Nf6 14. Qh3 Nd5
15. f4 Nxf4 16. Rxf4 exf4 17. f6 g6 18. Qh4 Qb6+ 19. Kg2 Qc6+ 20. Kg1 Qxc3 21.
g5 Qxa1+ 22. Kg2 Qxa2 23. Qh6 Qd5+ 24. Kf2 Qd4+ 25. Kg2 f3+ 26. Kf1 Bh3+ 27.
Qxh3 Qa1+ 28. Kf2 h5 29. gxh6 Qxa3 30. h7+ Kh8 31. Qh6 Qc5+ 32. Kf1 Qg1+ 33.
Kxg1 f2+ 34. Kxf2 Rg8 35. hxg8=Q+ Kxg8 36. Qg7# {Hossa checkmated} 1-0

[Event "ICS rated blitz match"]
[Site "207.99.83.227"]
[Date "1999.05.01"]
[Round "?"]
[White "Hossa"]
[Black "matar"]
[Result "1-0"]
[WhiteElo "2484"]
[BlackElo "2314"]
[PlyCount "53"]

1. e4 c5 2. Nf3 e6 3. d4 cxd4 4. Nxd4 a6 5. Nc3 Qc7 6. Bd3 Nc6 7. Be3 Nf6 8.
O-O Ne5 9. Be2 d6 10. f4 Nc6 11. Nxc6 bxc6 12. Bd4 Be7 13. e5 dxe5 14. fxe5 Nd5
15. Ne4 c5 16. Nd6+ Bxd6 17. exd6 Qxd6 18. Bxg7 Rg8 19. Bh6 Bb7 20. Bg4 O-O-O
21. Rxf7 Rg6 22. Rxh7 Qc6 23. Bf3 Rdg8 24. Qf1 Rxg2+ 25. Bxg2 Ne3 26. Rg7 Qxg2+
27. Qxg2 {matar resigns} 1-0

[Event "ICS rated blitz match"]
[Site "207.99.83.227"]
[Date "1999.05.01"]
[Round "?"]
[White "Hossa"]
[Black "matar"]
[Result "1-0"]
[WhiteElo "2501"]
[BlackElo "2297"]
[PlyCount "81"]

1. e4 c5 2. Nf3 e6 3. d4 cxd4 4. Nxd4 a6 5. Nc3 Qc7 6. Bd3 Nc6 7. Be3 Nf6 8.
O-O Ne5 9. Be2 Bc5 10. f4 Nc6 11. e5 Nd5 12. Nxd5 exd5 13. Nf5 Bxe3+ 14. Nxe3
Qb6 15. Qc1 O-O 16. Bf3 d6 17. exd6 Re8 18. Re1 Nd4 19. Bxd5 Qxd6 20. Qd2 Qc5
21. Kh1 Be6 22. Bxb7 Rab8 23. c3 Nc6 24. Bxa6 Red8 25. Qe2 Qb6 26. Nd1 Rd6 27.
Bc4 h6 28. Bxe6 Rxe6 29. Qf1 Rxe1 30. Qxe1 Qb5 31. Qf2 Re8 32. Ne3 Qd3 33. Re1
Na5 34. f5 Re4 35. f6 gxf6 36. Qg3+ Kh7 37. Kg1 Nc6 38. Qf2 Ne5 39. Nf1 Ng4 40.
Qf5+ Kg7 41. Rxe4 {matar resigns} 1-0

[Event "ICS rated blitz match"]
[Site "207.99.83.227"]
[Date "1999.05.01"]
[Round "?"]
[White "PostModernist"]
[Black "Hossa"]
[Result "1-0"]
[WhiteElo "2549"]
[BlackElo "2509"]
[PlyCount "141"]

1. b3 e5 2. Bb2 Nc6 3. e3 Nf6 4. Bb5 Bd6 5. Na3 O-O 6. Nc4 Re8 7. Nf3 e4 8.
Nxd6 cxd6 9. Ng5 Qa5 10. a4 h6 11. Bxf6 gxf6 12. Nh3 a6 13. Be2 d5 14. O-O d4
15. Nf4 Qc5 16. Bc4 Qg5 17. Qh5 Qg7 18. Qc5 d6 19. Qxd6 Rd8 20. Qc5 dxe3 21.
Qxe3 f5 22. c3 Ne5 23. Bd5 Ng4 24. Qg3 Nf6 25. Qxg7+ Kxg7 26. c4 Nxd5 27. Nxd5
Be6 28. Nb6 Rab8 29. Ra2 Rd3 30. Rb2 Rbd8 31. Rd1 a5 32. h3 R8d6 33. c5 Rc6 34.
Rc1 Kg6 35. Rcc2 Bxb3 36. Rc3 Rxc3 37. dxc3 Be6 38. Rb5 f4 39. Rxa5 e3 40. Kf1
Bb3 41. fxe3 fxe3 42. Ke2 Re6 43. c4 Re8 44. Rb5 Bc2 45. Rb2 Be4 46. Nd5 Kg7
47. g3 Re5 48. Kxe3 Bxd5+ 49. Kd4 Re4+ 50. Kxd5 Re3 51. Rxb7 Rd3+ 52. Ke4 Rxg3
53. c6 Rg5 54. Rb5 Rg6 55. Kd5 Rg5+ 56. Kd6 Rg6+ 57. Kd7 Rxc6 58. Kxc6 f5 59.
c5 Kg6 60. Kd6 f4 61. c6 f3 62. c7 f2 63. c8=Q f1=R 64. Qg8+ Kf6 65. Qf8+ Kg6
66. Qxf1 Kg7 67. Qf3 Kg8 68. Qg4+ Kf7 69. Rf5+ Ke8 70. Qe2+ Kd8 71. Rf8# {
Hossa checkmated} 1-0

[Event "ICS rated blitz match"]
[Site "207.99.83.227"]
[Date "1999.05.01"]
[Round "?"]
[White "Hossa"]
[Black "matar"]
[Result "1-0"]
[WhiteElo "2495"]
[BlackElo "2317"]
[PlyCount "63"]

1. b3 d5 2. Nf3 c5 3. e3 Nh6 4. Bb5+ Bd7 5. Be2 Nc6 6. d4 e6 7. O-O Bd6 8. Ba3
Qe7 9. c4 dxc4 10. Bxc4 O-O 11. dxc5 Bc7 12. Nbd2 Rfd8 13. Qc2 e5 14. Rad1 Bf5
15. e4 Bg4 16. Qb2 Rd7 17. h3 Bh5 18. Bd5 Rad8 19. Rfe1 Kh8 20. Qb1 Qf6 21. Re3
Ba5 22. Nc4 Bc7 23. Rdd3 Nd4 24. Nxd4 exd4 25. Re1 Qf4 26. Nd6 Bxd6 27. cxd6
Bg6 28. Qb2 b5 29. Qxd4 a5 30. Bc6 b4 31. Bxd7 Rxd7 32. Bc1 {matar resigns} 1-0

[Event "ICS rated blitz match"]
[Site "207.99.83.227"]
[Date "1999.05.01"]
[Round "?"]
[White "MareNostrum"]
[Black "Hossa"]
[Result "0-1"]
[WhiteElo "2112"]
[BlackElo "2503"]
[PlyCount "42"]

1. e4 e5 2. Nf3 Nf6 3. d3 Nc6 4. Nbd2 d5 5. h3 Bb4 6. c3 Bd6 7. Be2 O-O 8. Nf1
dxe4 9. dxe4 Nxe4 10. g4 Qe7 11. Qc2 Nf6 12. Ng3 e4 13. Nh4 Bxg3 14. fxg3 Qc5
15. Rf1 Rd8 16. g5 Nd4 17. Qb1 Nxe2 18. gxf6 Nxg3 19. fxg7 Nxf1 20. Bh6 Ng3 21.
Qc1 21... Qg1# {MareNostrum checkmated} 0-1

[Event "ICS rated blitz match"]
[Site "207.99.83.227"]
[Date "1999.05.01"]
[Round "?"]
[White "Varguz"]
[Black "Hossa"]
[Result "1-0"]
[WhiteElo "2791"]
[BlackElo "2506"]
[PlyCount "61"]

1. d4 d5 2. c4 c6 3. Nf3 dxc4 4. e3 b5 5. a4 e6 6. axb5 cxb5 7. b3 Qc7 8. bxc4
bxc4 9. Ra4 Ba6 10. Rxa6 Nxa6 11. Qa4+ Kd8 12. Qxa6 Bb4+ 13. Kd1 c3 14. Kc2 Rc8
15. Ne5 f6 16. Nd3 Bd6 17. Ba3 Bxa3 18. Qxa3 Ke8 19. Nc5 e5 20. Nxc3 exd4 21.
exd4 Ne7 22. Ba6 Qf4 23. Re1 Rc7 24. Ne6 Rxc3+ 25. Kxc3 Nd5+ 26. Kc4 Qxf2 27.
Nd8+ Kd7 28. Bb5+ Kc8 29. Qa6+ Kc7 30. Qc6+ Kb8 31. Qb7# {Hossa checkmated} 1-0

[Event "ICS rated blitz match"]
[Site "207.99.83.227"]
[Date "1999.05.02"]
[Round "?"]
[White "Hossa"]
[Black "matar"]
[Result "1-0"]
[WhiteElo "2515"]
[BlackElo "2281"]
[PlyCount "65"]

1. b3 d5 2. Nf3 c5 3. e3 Nh6 4. Bb5+ Bd7 5. Be2 Nc6 6. d4 e6 7. O-O Bd6 8. Ba3
Qe7 9. c4 dxc4 10. Bxc4 O-O 11. dxc5 Bc7 12. Nbd2 e5 13. Qc2 Rae8 14. Ne4 Kh8
15. Nd6 e4 16. Nxe8 Rxe8 17. Nd4 Bxh2+ 18. Kxh2 Qh4+ 19. Kg1 Ng4 20. Rfd1 Qh2+
21. Kf1 Qh1+ 22. Ke2 Qxg2 23. Ke1 Nxd4 24. Rxd4 Nxe3 25. Qc3 Ng4 26. Rxd7 Qxf2+
27. Kd1 Ne3+ 28. Kc1 Nxc4 29. Qxc4 e3 30. Qxf7 Qe1+ 31. Kb2 Qe2+ 32. Kc3 Rg8
33. Rg1 {matar resigns} 1-0

[Event "ICS rated blitz match"]
[Site "207.99.83.227"]
[Date "1999.05.02"]
[Round "?"]
[White "matar"]
[Black "Hossa"]
[Result "0-1"]
[WhiteElo "2274"]
[BlackElo "2522"]
[PlyCount "80"]

1. e4 c5 2. Nf3 Nc6 3. Bb5 d6 4. c3 Nf6 5. d4 cxd4 6. O-O Bd7 7. cxd4 Nxe4 8.
d5 Ne5 9. Nxe5 Bxb5 10. Re1 Nxf2 11. Kxf2 dxe5 12. Nc3 Qb6+ 13. Be3 Qa6 14. a4
Bd7 15. b4 Qc4 16. Rc1 Qxb4 17. Nb5 Bxb5 18. axb5 Qxb5 19. Rc5 Qb4 20. Qc2 Qh4+
21. Kf1 f6 22. Rc8+ Rxc8 23. Qxc8+ Kf7 24. Qe6+ Kg6 25. Bf2 Qxh2 26. Re3 Qh1+
27. Bg1 Qh4 28. Bf2 Qc4+ 29. Kg1 Qc1+ 30. Kh2 h6 31. Rg3+ Kh7 32. Qf5+ Kg8 33.
Qe6+ Kh7 34. Qf5+ Kg8 35. Be3 Qa3 36. Qe6+ Kh7 37. Bxh6 Qd6 38. Qf7 e4 39. Qg6+
Kg8 40. Kg1 40... Rxh6 {matar resigns} 0-1